01740nas a2200241Ia 4500001001100000003001000011008004100021040002500062041001300087100002300100210001300123222001300136245016500149250001100314260003500325300001100360310001600371362003500387500046900422501011400891520046901005650002401474R230-R2060IT-CnALBA170116c99999999xx |||||||||||| ||und|| aIT-CnALBAcIT-CnALBA aITALIANO aBONORA DON ANTONIO aTEOLOGIA aTEOLOGIA 0aTEOLOGIA. N. III. ANNO XVII. 1992. RIVISTA DELLA FACOLTÀ TEOLOGICA DELL'ITALIA SETTENTRIONALE. b RIVISTA DELLA FACOLTÀ TEOLOGICA DELL'ITALIA SETTENTRIONALE a1a ed. aMILANObGLOSSA EDIZIONI c1992 a93 p.  aTRIMESTRALE aFascicolo: 3 / Anno: 17 (1992) aCARDINALE GIOVANNI COLOMBO, LETTERATURA E TEOLOGIA. FONTI DELLA TEOLOGIA SPIRITUALE. STORIA E SCUOLA DELLA SPIRITUALITÀ. INTRODUZIONE GENERALE ALLA BIBBIA, ISPIRAZIONE, INTRODUZIONE DI V. MANNUCCI, NOTA BIBLIOGRAFICA. DIFFICOLTÀ PER UNA CONCEZIONE TEOLOGICA DELLA BIBBIA. ESPERIENZA DI TEOLOGIA SPIRITUALE. NOZIONE DI ESPERIENZA SPIRITUALE. CHARLES ANDRÈ BERNARD. ESPERIENZA DEL TEOLOGO, DEL MISTICO, CONVERSIONE DEL TEOLOGO. EVIDENZA SIMBOLICA IN TEOLOGIA.  aSocietà San Paolo EM - Piazza San Paolo, 14 - 12051 ALBA (CN) (non commercial uses only) ® Copyright 2017 aCARDINALE GIOVANNI COLOMBO, LETTERATURA E TEOLOGIA. FONTI DELLA TEOLOGIA SPIRITUALE. STORIA E SCUOLA DELLA SPIRITUALITÀ. INTRODUZIONE GENERALE ALLA BIBBIA, ISPIRAZIONE, INTRODUZIONE DI V. MANNUCCI, NOTA BIBLIOGRAFICA. DIFFICOLTÀ PER UNA CONCEZIONE TEOLOGICA DELLA BIBBIA. ESPERIENZA DI TEOLOGIA SPIRITUALE. NOZIONE DI ESPERIENZA SPIRITUALE. CHARLES ANDRÈ BERNARD. ESPERIENZA DEL TEOLOGO, DEL MISTICO, CONVERSIONE DEL TEOLOGO. EVIDENZA SIMBOLICA IN TEOLOGIA.  aDOGMATICA CRISTIANA